Alle UCI World-Tour Teams Quiz - Statistiken

Allgemein
  • Dieses Quiz wurde 39 mal gespielt
  • Das Durchschnittsergebnis liegt bei 6 aus 18
Antwortstatistiken
Land Antwort % Korrekt
Niederlande Visma | Lease a Bike
74%
Deutschland Red Bull Bora Hansgrohe
65%
Großbritannien Ineos Grenadiers
55%
USA Lidl-Trek
55%
Australien Jayco AlUla
45%
Belgien Soudal Quick-Step
42%
Bahrain Bahrain-Victorious
39%
Frankreich Groupama-FDJ
39%
Vereinigte Arabische Emirate UAE Emirates
39%
USA EF Education EasyPost
29%
Frankreich Cofidis
23%
Belgien Alpecin-Deceuninck
19%
Spanien Movistar Team
19%
Frankreich Decathlon AG2R
16%
Belgien Intermarché Wanty
16%
Niederlande DSM-Firmenich
13%
Frankreich Arkea-B&B Hotels
6%
Kasachstan Astana Qazaqstan
6%
Keine übereinstimmenden Quizze gefunden
Verteilung der Resultate
Anzahl Personen mit jedem Resultat
Perzentil nach korrekt beantworteten Fragen
Ihre Resultats-Entwicklung
Sie haben dieses Quiz noch nicht gespielt